000 03162nam a22003497a 4500
008 081105t xxu||||| |||| 00| 0 eng d
010 _aB-340722-732
020 _a9788126026364
_c75.00
035 _aB-340722-732
037 _bNorth India Publishers & Distributors
040 _adpl
_bEnglish
082 _a868.1
245 _aKashmiri lyrics /
_crevised & edited by Neerja Matto; translated by J. K. Kaul
260 _aNew Delhi
_bSahitya Akademi
_c2008
270 _aRabindra Bhawan, 35 Ferozeshah Road,
_bNew Delhi
_e110001
300 _axxix,135p.
_c22cm. (pbk)
650 _aKashmiri poetry
650 _aKashmiri poetry
_vTranslations into English
942 _2ddc
_cEN
_mKAS
_h868.1
999 _c24369
_d24369